Catálogo
 En Linea

Mantega / (Registro nro. 35363)

Detalles MARC
000 -CABECERA
campo de control de longitud fija 00594nam a2200181 a 4500
001 - NÚMERO DE CONTROL
campo de control 000035872
005 - FECHA Y HORA DE LA ÚLTIMA TRANSACCIÓN
campo de control 20200930074701.0
008 - DATOS DE LONGITUD FIJA--INFORMACIÓN GENERAL
campo de control de longitud fija 111115s1913 fr a 000 0 fre d
040 ## - FUENTE DE LA CATALOGACIÓN
Centro catalogador/agencia de origen DO-SdBNP
Lengua de catalogación spa
Centro/agencia transcriptor BNPHU
082 ## - NÚMERO DE LA CLASIFICACIÓN DECIMAL DEWEY
Número de clasificación xxx
Número de documento/Ítem M291
100 1# - ENTRADA PRINCIPAL--NOMBRE DE PERSONA
Nombre de persona Mantegna, Andrea
Fechas asociadas al nombre 1431-1506
9 (RLIN) 61860
245 10 - MENCIÓN DE TÍTULO
Título Mantega /
Mención de responsabilidad, etc. Andrea Mantega.
260 ## - PUBLICACIÓN, DISTRIBUCIÓN, ETC.
Lugar de publicación, distribución, etc. Paris :
Nombre del editor, distribuidor, etc. Pierre Latitte et Cie.,
Fecha de publicación, distribución, etc. 1913.
300 ## - DESCRIPCIÓN FÍSICA
Extensión 40 p. :
Otras características físicas il. ;
Dimensiones 21 cm.
490 1# - MENCIÓN DE SERIE
Mención de serie Les peintres illustres
Designación de volumen o secuencia 58
590 ## - NOTA LOCAL (RLIN)
Nota local Perteneció a la biblioteca personal de Juan Isidro Jimenes Grullón.
830 #0 - PUNTO DE ACCESO ADICIONAL DE SERIE-TÍTULO UNIFORME
Título uniforme Les peintres illustres
Número de parte o sección de la obra no. 58
9 (RLIN) 61861
Existencias
Estado de retiro Estado de pérdida Restricciones de uso No para préstamo Código de colección Localización permanente Ubicación/localización actual Ubicación en estantería Fecha de adquisición Número de inventario Total de préstamos Signatura topográfica completa Código de barras Fecha visto por última vez Precio válido a partir de Tipo de ítem Koha Nota pública
      Excluido de préstamo Raros y valiosos General General En catalogación 15.11.2011 LF1   xxx M291 35872-10 25.06.2020 25.06.2020 No se presta Perteneció a la biblioteca personal de Juan Isidro Jimenes- Grullón

Con tecnología Koha